Fyzický zeměpis Československa

Bibliographic Details
Main Author: Kunský, Josef, 1903-1977 (Author)
Format: Book
Language:Undetermined
PhysicalDescription:537 s.
Published: Praha Státní pedagogické nakladatelství 1968
Edition:1. vyd.

MARC

LEADER 00000nam a2200000 a 4500
001 vtls001483282
003 SK-MaSNL
005 20260302073703.0
008 240313s1968 xx 0 und
035 |a SNK000438577 
040 |a SNK  |b slo  |c SNK  |e AACR2 
100 1 |a Kunský, Josef,  |d 1903-1977  |4 aut  |9 123041 
245 1 |a Fyzický zeměpis Československa 
250 |a 1. vyd. 
260 |a Praha  |b Státní pedagogické nakladatelství  |c 1968 
300 |a 537 s. 
958 |a OND 
999 |c 1161945  |d 1163875 
952 |a SNK  |b SNK  |y PREZ  |7 0  |o snkSC 24036  |0 0  |1 0  |4 0  |d 2012-08-28  |l 0  |r 2026-02-24 20:36:46  |w 2026-02-24 
952 |t P60, <04>, [BOOK], {604}  |a SNK  |b SNK  |y VYP  |7 0  |p 17A0445774  |o snkSC 24036 D1  |i snkKIP 6314/68  |0 0  |1 0  |4 0  |d 2004-10-11  |l 0  |r 2005-01-02 00:00:00  |w 2026-02-24